MZK Wejherowo 18 - Statystyki

Ogólne statystyki
  • Ten quiz został rozwiązany 14 razy
  • Średni wynik to 27 z 39
Statystyki odpowiedzi
Miasto Przystanek % Poprawnych
Reda Reda Dworzec PKP 1
100%
Reda Reda Dworzec PKP 3
100%
Reda Reda Dworzec PKP 4
100%
Reda Reda Aquapark 1
92%
Reda Reda Bosmańska 1
83%
Reda Reda Bosmańska 2
83%
Rumia Rumia C.H. „Port Rumia” 1
83%
Rumia Rumia C.H. „Port Rumia” 1
83%
Rumia Rumia Jeziorna 1
83%
Rumia Rumia Jeziorna 2
83%
Reda Reda Brzozowa 1
75%
Reda Reda Łąkowa – Ośrodek Zdrowia 1
75%
Reda Reda Łąkowa – Ośrodek Zdrowia 2
75%
Reda Reda Młyńska 1
75%
Reda Reda Młyńska 2
75%
Reda Reda Pieleszewo Karłowicza 2
75%
Reda Reda Pucka – Nowa 4
75%
Rumia Rumia C.H. „Port Rumia” - Kosynierów 2
75%
Reda Reda Ciechocino 2
67%
Reda Reda Gdańska – Cmentarz 2
67%
Reda Reda Konwaliowa 2
67%
Reda Reda Wiśniowa 1
67%
Reda Reda Wrzosowa 2
67%
Reda Reda Brzozowa – Szkoła 2
58%
Reda Reda Cicha 1
58%
Reda Reda Cicha 2
58%
Reda Reda Gdańska – Szkolna 1
58%
Reda Reda Jarzębinowa 1
58%
Reda Reda Jaśminowa 2
58%
Reda Reda Kwiatowa 2
58%
Reda Reda Łąkowa – Osiedle 1
58%
Reda Reda Miętowa 1
58%
Reda Reda Mostowa 1
58%
Reda Reda Mostowa 2
58%
Reda Reda Przemysłowa 1
58%
Reda Reda Rolnicza 1
58%
Reda Reda Rolnicza 2
58%
Reda Reda Łąkowa – Osiedle 2
50%
Reda Reda Trzcinowa 1
50%
Nie znaleziono quizów pasujących do podanych kryteriów
Rozkład punktacji
Procent ludzi z każdym wynikiem
Percentyl według liczby udzielonych odpowiedzi
Twoja historia wyników
Nie rozwiązałeś tego quizu